|
|
|
|
| LEADER |
00955nam a22002652a 4500 |
| 001 |
001130510 |
| 003 |
CZ BrMZK |
| 005 |
20110609154732.0 |
| 007 |
ta |
| 008 |
101129s1981 xr af er|||||||||||eng d |
| 015 |
|
|
|a cnb000266220
|
| 035 |
|
|
|a (OCoLC)9445797
|
| 040 |
|
|
|a ABA001
|b cze
|d ABA001
|d BOA001
|
| 080 |
9 |
|
|a 904:738.3(38)"-0"=20
|
| 100 |
1 |
|
|a Bažant, Jan,
|d 1950-
|7 jn19990209024
|4 aut
|
| 245 |
1 |
0 |
|a Studies on the use and decoration of Athenian vases /
|c Jan Bažant
|
| 260 |
|
|
|a Praha :
|b Academia,
|c 1981
|
| 300 |
|
|
|a 44 s., obr. příl. ;
|c 8°
|
| 490 |
1 |
|
|a Rozpravy Československé akademie věd. Řada společenských věd ;
|v roč. 91, 1981, seš. 3
|
| 504 |
|
|
|a Obsahuje bibliografii
|
| 810 |
2 |
|
|a Československá akademie věd.
|t Rozpravy.
|p Řada společenských věd
|0 s
|
| 910 |
|
|
|a BOA001
|b 2-0833.840
|
| 990 |
|
|
|a BK
|
| 991 |
|
|
|b 201011
|
| 996 |
6 |
|
|b 2619397188
|c 2-0833.840
|l MZK
|r Sklad / do 1 hodiny
|n 0
|w 001159629
|u 000010
|a 1
|e BOA001
|j MZK50
|s P
|